[Event "IECG WC.2004.P.00012 email"]
[Site "IECG email"]
[Date "2001.01.22"]
[Round "?"]
[White "Freire, Daniel J"]
[Black "Szalai, Mihaly"]
[Result "1-0"]
[WhiteElo "1867"]
[BlackElo "2209"]
[PlyCount "71"]
[EventDate "2001.01.22"]
[EventType "tourn (corr)"]
[EventRounds "8"]
[SourceTitle "Corr 2008"]
[Source "ChessBase"]
[SourceDate "2008.06.24"]
[SourceVersion "1"]
[SourceVersionDate "2008.06.24"]
[SourceQuality "1"]

1. e4 c5 2. Nf3 Nc6 3. Bb5 g6 4. 0-0 Bg7 5. Re1 Nf6 6. e5 Nd5 7. Nc3 Nc7 8. Bxc6 dxc6 9. Ne4 Ne6 10. d3 b6 11. a4 a5 12. Neg5 h6 13. Nxe6 Bxe6 14. d4 cxd4 15. Nxd4 Bd5 16. Bf4 0-0 17. Ra3 Kh7 18. Qd2 c5 19. Rd3 Qe8 20. Nf5 gxf5 21. Bxh6 Rh8 22. Bxg7 Kxg7 23. Rxd5 Qxa4 24. Qg5+ Kf8 25. e6 Qh4 26. Qxh4 Rxh4 27. Rxf5 f6 28. c3 a4 29. h3 a3 30. bxa3 Rxa3 31. Rd5 Rc4 32. Kh2 b5 33. Rd8+ Kg7 34. Re8 Ra7 35. Rd1 Kg6 36. Rd7 1-0

[Event "IECG WC.2004.P.00012 email"]
[Site "IECG email"]
[Date "2001.01.22"]
[Round "?"]
[White "Szalai, Mihaly"]
[Black "Giurgiu, Tiberiu"]
[Result "1/2-1/2"]
[WhiteElo "2209"]
[BlackElo "2082"]
[PlyCount "59"]
[EventDate "2001.01.22"]
[EventType "tourn (corr)"]
[EventRounds "8"]
[SourceTitle "Corr 2008"]
[Source "ChessBase"]
[SourceDate "2008.06.24"]
[SourceVersion "1"]
[SourceVersionDate "2008.06.24"]
[SourceQuality "1"]

1. e4 e5 2. Nf3 Nc6 3. Bb5 a6 4. Ba4 Nf6 5. 0-0 Be7 6. Re1 b5 7. Bb3 0-0 8. c3 d6 9. h3 Na5 10. Bc2 c5 11. d4 Qc7 12. Nbd2 Bb7 13. Nf1 cxd4 14. cxd4 Rac8 15. Re2 Nc6 16. Ng3 Rfe8 17. a3 Nxd4 18. Nxd4 exd4 19. Bf4 Qb6 20. Qd3 d5 21. e5 Ne4 22. Nf5 Qg6 23. Nxe7+ Rxe7 24. Rae1 Rc4 25. b3 Qb6 26. bxc4 dxc4 27. Qf3 Nc3 28. Qg3 Nxe2+ 29. Rxe2 d3 30. Bxd3 1/2-1/2

[Event "IECG C1.2000.0.00320"]
[Site "IECG email"]
[Date "2000.11.20"]
[Round "?"]
[White "Laczay, Istvan"]
[Black "Szalai, Mihaly"]
[Result "1/2-1/2"]
[WhiteElo "2070"]
[BlackElo "2093"]
[PlyCount "122"]
[EventDate "2000.11.20"]
[EventType "tourn (corr)"]
[EventRounds "6"]
[SourceTitle "Corr 2008"]
[Source "ChessBase"]
[SourceDate "2008.06.24"]
[SourceVersion "1"]
[SourceVersionDate "2008.06.24"]
[SourceQuality "1"]

1. d4 d5 2. c4 c6 3. cxd5 cxd5 4. Nf3 Nc6 5. Nc3 Nf6 6. Bf4 Bf5 7. e3 e6 8. Bb5 Nd7 9. Qa4 Rc8 10. Bxc6 Rxc6 11. Qxa7 Qc8 12. Qa5 Ra6 13. Qc7 Qxc7 14. Bxc7 Bb4 15. Ke2 Bxc3 16. bxc3 Ke7 17. Rhc1 Rha8 18. Nd2 Rxa2 19. Rxa2 Rxa2 20. f3 b5 21. g4 Bc2 22. g5 f6 23. gxf6+ gxf6 24. Rg1 Kf7 25. Kf2 Bd3 26. e4 Bxe4 27. fxe4 Rxd2+ 28. Ke3 Rb2 29. Ra1 dxe4 30. Kxe4 f5+ 31. Kd3 Nf6 32. Ra7 Nd5 33. Be5+ Ke8 34. Rxh7 Rb3 35. h4 Rxc3+ 36. Kd2 Rh3 37. h5 b4 38. Rh8+ Kd7 39. h6 Ke7 40. Rh7+ Ke8 41. Ke1 f4 42. Kf2 b3 43. Kg2 Rh4 44. Kg1 Rh5 45. Rb7 Rxh6 46. Rxb3 Kf7 47. Rb8 Kg6 48. Rf8 Kg5 49. Kf2 Rh3 50. Kg2 Rb3 51. Kf2 Kg4 52. Rg8+ Kf5 53. Re8 Ra3 54. Bb8 Ra4 55. Be5 Ra2+ 56. Kf3 Ra3+ 57. Kf2 Ke4 58. Rxe6 Ra2+ 59. Kg1 Ne3 60. Bxf4+ Kxf4 61. Re8 Rg2+ 1/2-1/2